[Event "ESP-ch U18"]
[Site "Salobrena"]
[Date "2015.07.29"]
[Round "4"]
[White "Cruz Fernandez, Sergio"]
[Black "Antunez Munoz, Ines"]
[Result "1/2-1/2"]
[WhiteElo "1732"]
[BlackElo "1873"]
[PlyCount "159"]
[EventDate "2015.07.27"]
[EventType "swiss"]
[EventRounds "9"]
[EventCountry "ESP"]
[SourceTitle "EXT 2016"]
[Source "ChessBase"]
[SourceDate "2015.10.08"]
[SourceVersion "1"]
[SourceVersionDate "2015.10.08"]
[SourceQuality "1"]

1. c4 e5 2. Nc3 Nf6 3. g3 Bb4 4. Bg2 0-0 5. e3 Bxc3 6. bxc3 e4 7. Ne2 Re8 8. Nf4 Nc6 9. Nd5 d6 10. Ba3 Ne5 11. 0-0 Nxc4 12. Nxf6+ Qxf6 13. Qa4 Be6 14. Bc1 Bd5 15. f3 Nb6 16. Qd1 exf3 17. Bxf3 Qe6 18. d3 Bxf3 19. Qxf3 d5 20. Bd2 Nd7 21. Rab1 b6 22. Rb4 Ne5 23. Qe2 Qg6 24. Rbf4 Re7 25. e4 Rae8 26. d4 Nc4 27. e5 Qc2 28. R4f2 Qxd2 29. Qxd2 Nxd2 30. Rxd2 Re6 31. Rdf2 R8e7 32. Rf3 Rc6 33. R1f2 h6 34. Kg2 Rc4 35. Rd2 c5 36. g4 cxd4 37. cxd4 Rec7 38. Ra3 Rc3 39. Ra6 Kh7 40. h4 Kg6 41. Ra4 R3c4 42. Ra3 Rc3 43. Ra4 Re3 44. Rf2 Rd3 45. Rb4 Rc4 46. Rxc4 dxc4 47. h5+ Kh7 48. Rxf7 Rxd4 49. Rxa7 Re4 50. Rc7 Rxe5 51. Rxc4 Re2+ 52. Kf3 Rxa2 53. Rb4 Ra6 54. Rb5 Kg8 55. Ke4 Kf7 56. Rb4 Ke6 57. Rb5 Kd6 58. g5 Ra4+ 59. Kf3 Kc6 60. gxh6 gxh6 61. Rf5 Rd4 62. Ke3 Rd6 63. Ke4 b5 64. Rf2 b4 65. Rf5 Kb6 66. Ke5 Rc6 67. Kd4 Ka6 68. Re5 Rb6 69. Re2 b3 70. Kc3 Kb7 71. Rb2 Kc6 72. Rxb3 Rxb3+ 73. Kxb3 Kd5 74. Kc3 Ke5 75. Kd3 Kf5 76. Ke3 Kg4 77. Kf2 Kxh5 78. Kg2 Kg4 79. Kh2 h5 80. Kh1 1/2-1/2

[Event "ESP-ch U18"]
[Site "Salobrena"]
[Date "2015.07.28"]
[Round "3"]
[White "Prado Acebo, Ines"]
[Black "Cruz Fernandez, Sergio"]
[Result "1-0"]
[WhiteElo "2029"]
[BlackElo "1732"]
[PlyCount "124"]
[EventDate "2015.07.27"]
[EventType "swiss"]
[EventRounds "9"]
[EventCountry "ESP"]
[SourceTitle "EXT 2016"]
[Source "ChessBase"]
[SourceDate "2015.10.08"]
[SourceVersion "1"]
[SourceVersionDate "2015.10.08"]
[SourceQuality "1"]

1. d4 d5 2. c4 c6 3. Nf3 Nf6 4. e3 a6 5. Nc3 e6 6. Qc2 Be7 7. Bd3 dxc4 8. Bxc4 b5 9. Be2 Bb7 10. 0-0 Nbd7 11. Rd1 Qc7 12. Nd2 Rc8 13. Nce4 c5 14. Nxf6+ Bxf6 15. Ne4 cxd4 16. Qxc7 Rxc7 17. Nxf6+ Nxf6 18. Rxd4 0-0 19. f3 e5 20. Rd1 e4 21. Kf2 Rfc8 22. Bd2 Kf8 23. a4 Bc6 24. Ba5 Rd7 25. Rdc1 Rb7 26. axb5 axb5 27. Bb4+ Ke8 28. Bc3 exf3 29. gxf3 Bd7 30. Bxf6 Rxc1 31. Rxc1 gxf6 32. Bd3 f5 33. Rc5 f6 34. Bxf5 Bxf5 35. Rxf5 Kf7 36. Ke2 Ke6 37. Rc5 Kd6 38. b4 Ke6 39. e4 Kd6 40. Ke3 Ke7 41. Kd4 Kd8 42. Kd5 Kd7 43. Rc6 f5 44. exf5 Ke7 45. Kc5 Kf8 46. Rb6 Rf7 47. f6 Rd7 48. Rxb5 Rd3 49. Rb7 Rxf3 50. Rxh7 Rxf6 51. b5 Rf5+ 52. Kc6 Rf6+ 53. Kc7 Ke8 54. b6 Rf2 55. Rh6 Rf7+ 56. Kb8 Rf2 57. Rh7 Kd8 58. h4 Rh2 59. h5 Rh1 60. h6 Rh2 61. Ka8 Ra2+ 62. Ra7 Ke8 1-0

[Event "Asturias-ch Juvenil"]
[Site "Oviedo"]
[Date "2012.12.27"]
[Round "2.7"]
[White "Simon Diaz, Oscar"]
[Black "Cruz Fernandez, Sergio"]
[Result "1-0"]
[WhiteElo "1555"]
[BlackElo "1489"]
[PlyCount "81"]
[EventDate "2012.12.26"]
[EventType "swiss"]
[EventRounds "5"]
[EventCountry "ESP"]
[SourceTitle "EXT 2024"]
[Source "ChessBase"]
[SourceDate "2023.10.10"]
[SourceVersion "1"]
[SourceVersionDate "2023.10.10"]
[SourceQuality "1"]

1. e4 e6 2. d4 d5 3. exd5 exd5 4. Bf4 Nf6 5. Bd3 Bd6 6. Bxd6 cxd6 7. Nf3 0-0 8. 0-0 Nc6 9. c3 Bg4 10. Nbd2 Ne7 11. Qc2 Ng6 12. Rfe1 Qd7 13. h3 Be6 14. Ng5 Rae8 15. Re2 Re7 16. Nxe6 Rxe6 17. Bf5 Qb5 18. c4 dxc4 19. Bxe6 fxe6 20. Qxc4 Qxc4 21. Nxc4 d5 22. Ne5 Nf4 23. Rc2 Ne4 24. f3 Ng3 25. Kf2 Nf5 26. Rd1 Nd6 27. Nd3 Nxd3+ 28. Rxd3 Ne4+ 29. Ke1 Nd6 30. Rc7 Rb8 31. Rb3 a6 32. a4 Kf8 33. Rd7 Nf5 34. Rbxb7 Rxb7 35. Rxb7 Nxd4 36. Rb6 Ke7 37. Rxa6 Nc2+ 38. Kd2 Nd4 39. b4 e5 40. b5 Kd7 41. Ra7+ 1-0